Time and Frequency (Record no. 7040)

MARC details
000 -LEADER
fixed length control field 00757nam a2200193Ia 4500
003 - CONTROL NUMBER IDENTIFIER
control field IN-BaIIA
008 - FIXED-LENGTH DATA ELEMENTS--GENERAL INFORMATION
fixed length control field 211028s9999 xx 000 0 eng d
040 ## - CATALOGING SOURCE
Transcribing agency IIA Library
080 ## - UNIVERSAL DECIMAL CLASSIFICATION NUMBER
Universal Decimal Classification number 529.2(082.1)
Item number TIM
111 ## - MAIN ENTRY--MEETING NAME
Meeting name or jurisdiction name as entry element International Symposium on Time and Frequency
Location of meeting National Physical Laboratory
Date of meeting or treaty signing 1981 Feb. 10-12
9 (RLIN) 12043
245 #0 - TITLE STATEMENT
Title Time and Frequency
Remainder of title Journal of the institution of electonics and telecommunication engineers; vol. 27, no. 10, October 1981
Statement of responsibility, etc. edited by Ranjit Singh
260 ## - PUBLICATION, DISTRIBUTION, ETC.
Place of publication, distribution, etc. New Delhi
Name of publisher, distributor, etc. National Physical Laboratory
Date of publication, distribution, etc. 1981
300 ## - PHYSICAL DESCRIPTION
Extent [various pagings.]
650 ## - SUBJECT ADDED ENTRY--TOPICAL TERM
Topical term or geographic name entry element Frequency
9 (RLIN) 12044
650 ## - SUBJECT ADDED ENTRY--TOPICAL TERM
Topical term or geographic name entry element NASA Thesaurus
650 ## - SUBJECT ADDED ENTRY--TOPICAL TERM
Topical term or geographic name entry element Time
9 (RLIN) 2741
700 ## - ADDED ENTRY--PERSONAL NAME
Personal name Singh, Ranjit., ed.
9 (RLIN) 12045
942 ## - ADDED ENTRY ELEMENTS (KOHA)
Koha item type Books
Holdings
Withdrawn status Lost status Damaged status Not for loan Home library Current library Shelving location Date acquired Total Checkouts Full call number Barcode Date last seen Price effective from Koha item type Purchase Price
        IIA Library-Bangalore IIA Library-Bangalore General Stacks 31/03/1982   529.2(082.1)/ TIM 7818 05/11/2021 31/03/1982 Books 30

Powered by Koha